000 00263nam a2200097 4500
999 _c507192
_d507192
100 _aTamil Nadu. Department of Statistics
_91086
245 _aStatistical handbook of Tamil Nadu 1995
260 _aMadras
_bGovernment Central Press
300 _a382p.
942 _2ddc